World directory of medical schools
Guardat en:
| Autor corporatiu: | |
|---|---|
| Format: | Desconegut |
| Publicat: |
Geneva
World Health organization
2000
|
| Edició: | 7th-ed. |
| Matèries: | |
| Accés en línia: | Visit NHRC Library |
| Etiquetes: |
Afegir etiqueta
Sense etiquetes, Sigues el primer a etiquetar aquest registre!
|
| LEADER | 00673 a2200217 4500 | ||
|---|---|---|---|
| 003 | 545 | ||
| 005 | 20220906184538.0 | ||
| 952 | |0 0 |1 0 |2 lcc |4 0 |6 W 00019/WHO/02000 |7 0 |9 333 |a NHRC |b NHRC |c CART |d 2012-05-09 |l 0 |o W 19/WHO/2000 |p 000545 |r 2012-05-09 |w 2012-05-09 |y WHO | ||
| 999 | |c 329 |d 329 | ||
| 020 | |a 9241500107 | ||
| 060 | |a W 19 | ||
| 110 | |a World Health Organization |9 7 | ||
| 245 | |a World directory of medical schools | ||
| 250 | |a 7th-ed. | ||
| 260 | |a Geneva |b World Health organization |c 2000 | ||
| 300 | |a 441p. |b xi | ||
| 500 | |a Book | ||
| 546 | |a Eng. | ||
| 650 | |a Schools, Medical - directories |9 4276 | ||
| 856 | |u http://nhrc.gov.np/contact/ |y Visit NHRC Library | ||
| 942 | |2 lcc |c WHO | ||